Derecho internacional pb︢lico, derecho internacional de la inversin̤ extranjera Reflexiones y dil̀ogos /

Detalles Bibliográficos
Autor principal: Arv̌alo Ramr̕ez, Walter
Otros Autores: Galvis, Ricardo Abello
Formato: eBook
Lenguaje:español
Publicado: Bogot:̀ Editorial Universidad de Rosario (Colombia), 2019
Materias:
Acceso en línea:Acceso restringido

MARC

LEADER 00000nam a22000007a 4500
005 20200109215126.0
007 cr|||| ||||
008 200109s2019 co |||||s|||| 00||0 spa d
020 |a 978-958-784-287-6 
035 |a 30924 
040 |a vLex 
090 |c 10096  |d 10096 
100 1 |a Arv̌alo Ramr̕ez, Walter 
245 1 0 |a Derecho internacional pb︢lico, derecho internacional de la inversin̤ extranjera  |h [Recurso electrn̤ico] :  |b Reflexiones y dil̀ogos /  |c Walter Arv̌alo Ramr̕ez, Ricardo Abello Galvis 
256 |a Servicio en ln̕ea 
260 |a Bogot:̀  |b Editorial Universidad de Rosario (Colombia),  |c 2019 
300 |a 1 recurso electrn̤ico 
500 |a Este libro refleja la profunda preocupacin̤ de la Facultad de Jurisprudencia de la Universidad del Rosario por fortalecer y dar a conocer el derecho internacional en Amřica Latina, precisamente porque en las l︢timas dčadas del siglo XX se fue debilitando la fuerte presencia de la regin̤ en los escenarios internacionales. En este siglo, como consecuencia de los conflictos limt̕rofes, ha sido necesaria una mayor investigacin̤ en esta r̀ea del derecho. Este hecho acompa ̨̤el proyecto de crear el Congreso Anual de Derecho Internacional en la Facultad de Jurisprudencia de la Universidad del Rosario, por un lado, para atender la necesidad de una obra colectiva de proyeccin̤ internacional que abarcara las ms̀ recientes reflexiones sobre los sujetos y fuentes del derecho internacional pb︢lico, el lugar de la academia latinoamericana en su desarrollo progresivo y su plena vigencia y aplicabilidad en la ms̀ controversial de las escenas jurisdiccionales actuales, el arbitraje internacional de inversiones; por otro, la necesidad, como comunidad epistm̌ica, de establecer un foro regional, cuyo eje fuera Colombia, para el desarrollo y promocin̤ de los ms̀ selectos debates de derecho internacional. Palabras clave: Derecho internacional, derecho internacional pb︢lico, derecho internacional privado, polt̕ica econm̤ica, Amřica Latina. 
506 1 |a Disponible solo en los productos indicados  |d vLex Global  |d vLex Global (Academic Edition, excluding Law Schools)  |d vLex Global (U.S. Academic Edition, Law Schools)  |d vLex Global (U.S. Academic Edition, excluding Law Schools)  |d vLex Global (Academic Edition, Law Schools) 
650 0 4 |a Derecho Internacional  |z Colombia 
700 1 |a Galvis, Ricardo Abello 
740 0 |a vLex Libros (Servicio en ln̕ea) 
856 4 0 |u http://vlex.com/source/derecho-internacional-publico-derecho-internacional-de-la-inversion-extranjera-reflexiones-y-dialogos-30924  |z Acceso restringido 
942 |c BOOK 
999 0 |a International right